| 000 | 00729nam a2200229 a 4500 | ||
|---|---|---|---|
| 001 | 000028851 | ||
| 003 | DO-SdBNP | ||
| 005 | 20250625114801.0 | ||
| 008 | 110412s2010 dr ac 000 0 spa d | ||
| 020 | _a9789945443578 | ||
| 040 |
_aDO-SdBNP _bspa _cBNPHU |
||
| 049 | _aBNPD | ||
| 082 |
_axxxx _bE96p, 2010 |
||
| 100 |
_aPolanco Brito, Hugo E. _97924 |
||
| 245 | 1 | 0 |
_aExvotos, promesas y milagros de la virgen de la Altagracia / _cHugo E. Polanco Brito. |
| 250 | _a2a ed. | ||
| 260 |
_aSanto Domingo : _bBanco Central de la República Dominicana, _c2010. |
||
| 300 |
_a245 p. : _bil., retrs. ; _c28 cm. |
||
| 490 | 0 |
_aBanco Central de la República Dominicana _v154 |
|
| 490 |
_aCiencias Sociales _v 21 |
||
| 942 |
_2ddc _cLBS1 |
||
| 999 |
_c28343 _d28343 |
||